La doctrina ante el delito de impago de pensin̤ de alimentos

Detalles Bibliográficos
Autor principal: Martn̕ez Rodrg̕uez, Jos ̌Antonio
Otros Autores: Moreno Cabello, Mara̕ Angľica
Formato: eBook
Lenguaje:español
Publicado: Barcelona: J.M. Bosch Editor, 2016
Materias:
Acceso en línea:Acceso restringido

MARC

LEADER 00000nam a22000007a 4500
005 20190411014236.0
007 cr|||| ||||
008 190411s2016 es |||||s|||| 00||0 spa d
020 |a 978-84-944836-4-6 
035 |a 23129 
040 |a vLex 
090 |c 8590  |d 8590 
100 1 |a Martn̕ez Rodrg̕uez, Jos ̌Antonio 
245 1 2 |a La doctrina ante el delito de impago de pensin̤ de alimentos  |h [Recurso electrn̤ico] /  |c Jos ̌Antonio Martn̕ez Rodrg̕uez, Mara̕ Angľica Moreno Cabello 
256 |a Servicio en ln̕ea 
260 |a Barcelona:  |b J.M. Bosch Editor,  |c 2016 
300 |a 1 recurso electrn̤ico 
506 1 |a Disponible solo en los productos indicados  |d vLex Global  |d vLex Global (Academic Edition, excluding Law Schools)  |d vLex Global (U.S. Academic Edition, Law Schools)  |d vLex Global (U.S. Academic Edition, excluding Law Schools)  |d vLex Global (Academic Edition, Law Schools) 
650 0 4 |a Derecho Penal  |z Espaą 
700 1 |a Moreno Cabello, Mara̕ Angľica 
740 0 |a vLex Libros (Servicio en ln̕ea) 
856 4 0 |u http://vlex.com/source/doctrina-delito-impago-pension-alimentos-23129  |z Acceso restringido 
942 |c BOOK 
999 0 |a Criminal law